000
00254nam a2200097Ia 4500
001
689293
005
20250826161631.0
008
250824s9999 xx 000 0 und d
245
0
_a
SUYU ARAYAN ADAM
_c
ŞEVKET SÜREYYA AYDEMİR
260
_b
REMZİ KİTABEVİ
999
_c
689293
_d
689293